| 000 | 00365 a2200169 4500 | ||
|---|---|---|---|
| 001 | 186992 | ||
| 020 | _a85-329-0674-5 | ||
| 040 | _cMagnum | ||
| 100 | _aMuniz, Flávia | ||
| 240 | 1 | 0 |
_aO caso pena envenenada _lpor |
| 245 | 1 | 0 | _aO caso pena envenenada |
| 300 | _a83 | ||
| 362 | 0 | _a2009 | |
| 440 | 1 | _aLê | |
| 697 | _aLITERATURA INFANTO-JUVENIL | ||
| 942 | _cBK | ||
| 999 |
_c186992 _d186992 |
||